L'apostrophe muette : essai sur les portraits du Fayoum /

محفوظ في:

المؤلف الرئيسي: Bailly, Jean-Christophe (مؤلف)

التنسيق: كتاب

اللغة: French

منشور في: Paris : Hazan, 2012.

الموضوعات:

الوسوم: إضافة وسم

لا توجد وسوم, كن أول من يضع وسما على هذه التسجيلة!

رقم الطلب: ND1327 .E3 B45 2012

LEADER 00870nam a22002657a 4500
003 OSt
005 20250901090917.0
008 250303s2012 fr abf b 001 0 fre d
020 |a 2754106283 
020 |a 9782754106283 
040 |c ARCE Library 
043 |a f-ua--- 
050 1 4 |a ND1327 .E3   |b B45 2012 
100 1 |a Bailly, Jean-Christophe,  |e author  |9 26094 
245 1 2 |a L'apostrophe muette :   |b essai sur les portraits du Fayoum /   |c Jean-Christophe Bailly. 
264 1 |a Paris :  |b Hazan,   |c 2012. 
300 |a 174 p., 24 p. of plates :   |b ill. (some col.), map ;   |c 20 cm. 
504 |a Includes bibliographical references (p. 166-172) and index. 
650 0 |a Mummy portraits  |z Egypt. 
650 0 |a Portraits, Roman  |z Egypt. 
650 0 |a Mummies   |z Egypt   |z Fayyūm. 
650 0 |a Portraits   |z Egypt   |z Fayyūm. 
901 |a reviewed 
942 |c BK  |2 lcc 
999 |c 23823  |d 23823